Detalles MARC
| 000 -CABECERA |
| fixed length control field |
02152Cam#a2200469#a#4500 |
| 005 - FECHA Y HORA DE LA ULTIMA TRANSACCION |
| control field |
20220224182307.0 |
| 008 - ELEMENTOS DE LONGITUD FIJA-INFORMACION GENERAL |
| fixed length control field |
160229s2014||||ag ado j#f #001|0#spa#d |
| 020 ## - NUMERO INTERNACIONAL NORMALIZADO PARA LIBROS |
| Número Internacional Normalizado del libro |
9789500116664 |
| 040 ## - FUENTE DE CATALOGACION |
| Agencia de catalogación original |
AR-BeUNQ |
| Idioma de catalogación |
ESPAÑOL |
| 082 04 - NUMERO DE CLASIFICACION DECIMAL DEWEYMBER |
| Número de clasificación |
530.07 |
| Número de la edición |
21 |
| 100 1# - ASIENTO PRINCIPAL-NOMBRE PERSONAL |
| Nombre personal |
Alberico, Patricia. |
| 245 02 - MENCION DE TITULO |
| Título |
Fisicoquímica. |
| Mención de responsabilidad, etc |
Patricia Alberico, Marcela Gleiser. |
| Número de la parte/sección de la obra |
(2)ES / |
| 250 ## - MENCION DE EDICION |
| Mención de edición |
1a. ed. |
| 260 ## - PUBLICACION, DISTRIBUCION, ETC. |
| Lugar de publicación, distribución, etc. |
San Isidro : |
| Nombre del editor, distribuidor, etc. |
Estrada, |
| Fecha de publicación, distribución, etc |
c2014. |
| 300 ## - DESCRIPCION FISICA |
| Extensión |
142 p. : |
| Otros detalles físicos |
il., fot., tablas, gráficos ; |
| Dimensiones |
27 cm + |
| Material acompañante |
1 cuaderno de actividades + 1 tabla periódica |
| 490 1# - MENCION DE SERIE |
| Mención de serie |
Huellas |
| 500 ## - NOTA GENERAL |
| Nota general |
Material complementario: cuaderno de actividades "Saber hacer fisicoquímica". |
| 500 ## - NOTA GENERAL |
| Nota general |
Índice analítico: p. 142. |
| 505 0# - NOTA DE CONTENIDO |
| Nota de contenido con formato preestablecido |
Estados de la materia -- Los gases -- Las soluciones -- La estructura de la materia -- La estructura de la materia -- Los cambios en la materia -- Fuerzas y campos -- La electricidad -- El magnetismo |
| 650 #7 - ASIENTO SECUNDARIO DE MATERIA - TERMINO TEMATICO |
| Término temático o nombre geográfico como elemento de entrada |
Física |
| Fuente del encabezamiento o términ |
spines |
| 650 #7 - ASIENTO SECUNDARIO DE MATERIA - TERMINO TEMATICO |
| Término temático o nombre geográfico como elemento de entrada |
Química |
| Fuente del encabezamiento o términ |
spines |
| 650 #7 - ASIENTO SECUNDARIO DE MATERIA - TERMINO TEMATICO |
| Término temático o nombre geográfico como elemento de entrada |
Estados de la materia |
| Fuente del encabezamiento o términ |
spines |
| 650 #7 - ASIENTO SECUNDARIO DE MATERIA - TERMINO TEMATICO |
| Término temático o nombre geográfico como elemento de entrada |
Gases |
| Fuente del encabezamiento o términ |
spines |
| 650 #7 - ASIENTO SECUNDARIO DE MATERIA - TERMINO TEMATICO |
| Término temático o nombre geográfico como elemento de entrada |
Soluciones (líquidos) |
| Fuente del encabezamiento o términ |
spines |
| 650 #7 - ASIENTO SECUNDARIO DE MATERIA - TERMINO TEMATICO |
| Término temático o nombre geográfico como elemento de entrada |
Composición de la materia |
| Fuente del encabezamiento o términ |
spines |
| 650 #7 - ASIENTO SECUNDARIO DE MATERIA - TERMINO TEMATICO |
| Término temático o nombre geográfico como elemento de entrada |
Átomos |
| Fuente del encabezamiento o términ |
spines |
| 650 #7 - ASIENTO SECUNDARIO DE MATERIA - TERMINO TEMATICO |
| Término temático o nombre geográfico como elemento de entrada |
Herencia |
| Fuente del encabezamiento o términ |
spines |
| 650 #7 - ASIENTO SECUNDARIO DE MATERIA - TERMINO TEMATICO |
| Término temático o nombre geográfico como elemento de entrada |
Transformaciones de fase |
| Fuente del encabezamiento o términ |
spines |
| 650 #7 - ASIENTO SECUNDARIO DE MATERIA - TERMINO TEMATICO |
| Término temático o nombre geográfico como elemento de entrada |
Fuerzas (mecánica) |
| Fuente del encabezamiento o términ |
spines |
| 650 #7 - ASIENTO SECUNDARIO DE MATERIA - TERMINO TEMATICO |
| Término temático o nombre geográfico como elemento de entrada |
Electricidad |
| Fuente del encabezamiento o términ |
spines |
| 650 #7 - ASIENTO SECUNDARIO DE MATERIA - TERMINO TEMATICO |
| Término temático o nombre geográfico como elemento de entrada |
Magnetismo |
| Fuente del encabezamiento o términ |
spines |
| 650 #7 - ASIENTO SECUNDARIO DE MATERIA - TERMINO TEMATICO |
| Término temático o nombre geográfico como elemento de entrada |
Enseñanza media |
| Fuente del encabezamiento o términ |
spines |
| 650 #7 - ASIENTO SECUNDARIO DE MATERIA - TERMINO TEMATICO |
| Término temático o nombre geográfico como elemento de entrada |
Manuales |
| Fuente del encabezamiento o términ |
spines |
| 700 1# - ASIENTO SECUNDARIO - NOMBRE DE PERSONA |
| Personal name |
Gleiser, Marcela |
| 830 #0 - ASIENTO SECUNDARIO DE SERIE--TITULO UNIFORME |
| Título uniforme |
Huellas (Estrada). |
| 929 ## - DATOS DE ADQUISICION |
| Procedencia |
COMPRA |
| Proveedor |
El Monje Libros |
| Orden de compra |
Compra 2015 Exp. 827-2158/15 |
| Precio |
252,00 (obra completa) |
| Fecha de recibido |
20151229 |
| Patrimonio UNQ |
PAT0062114 |
| Número de inventario |
54129 |
| 929 ## - DATOS DE ADQUISICION |
| Procedencia |
COMPRA |
| Proveedor |
El Monje Libros |
| Orden de compra |
Compra 2015 Exp. 827-2158/15 |
| Precio |
252,00 (obra completa) |
| Fecha de recibido |
20151229 |
| Patrimonio UNQ |
PAT0062115 |
| Número de inventario |
54130 |
| 929 ## - DATOS DE ADQUISICION |
| Procedencia |
COMPRA |
| Proveedor |
El Monje Libros |
| Orden de compra |
Compra 2015 Exp. 827-2158/15 |
| Precio |
252,00 (obra completa) |
| Fecha de recibido |
20151229 |
| Patrimonio UNQ |
PAT0062116 |
| Número de inventario |
54131 |
| 929 ## - DATOS DE ADQUISICION |
| Procedencia |
COMPRA |
| Proveedor |
El Monje Libros |
| Orden de compra |
Compra 2015 Exp. 827-2158/15 |
| Precio |
252,00 (obra completa) |
| Fecha de recibido |
20151229 |
| Patrimonio UNQ |
PAT0062117 |
| Número de inventario |
54132 |
| 929 ## - DATOS DE ADQUISICION |
| Procedencia |
COMPRA |
| Proveedor |
El Monje Libros |
| Orden de compra |
Compra 2015 Exp. 827-2158/15 |
| Precio |
252,00 (obra completa) |
| Fecha de recibido |
20151229 |
| Patrimonio UNQ |
PAT0062118 |
| Número de inventario |
54133 |
| 942 ## - ELEMENTOS DE PUNTO DE ACCESO ADICIONAL (KOHA) |
| Tipo de ítem Koha |
Libros |
| Suppress in OPAC |
0 |